000 00542cam a2200193 4500500
005 20260405000554.0
041 _afre
042 _adc
100 1 0 _aOrtoli, Sven
_eauthor
245 0 0 _aLe peuple des abysses
260 _c2008.
500 _a25
690 _aAbysses
690 _aÊtre vivant
690 _aNature
690 _aOcéan
786 0 _nPhilosophie magazine | 18 | 4 | 2008-04-01 | p. 5-6 | 1951-1787
856 4 1 _uhttps://shs.cairn.info/magazine-philosophie-magazine-2008-4-page-5?lang=fr&redirect-ssocas=7080
999 _c2038530
_d2038530